<?xml version="1.0" encoding="UTF-8"?>
<record
    xmlns:xsi="http://www.w3.org/2001/XMLSchema-instance"
    xsi:schemaLocation="http://www.loc.gov/MARC21/slim http://www.loc.gov/standards/marcxml/schema/MARC21slim.xsd"
    xmlns="http://www.loc.gov/MARC21/slim">

  <leader>02625njm a2200397Ia 4500</leader>
  <controlfield tag="001">25692</controlfield>
  <controlfield tag="003">IT-RoPAU</controlfield>
  <controlfield tag="005">20220918181155.0</controlfield>
  <controlfield tag="008">131025s9999    xx            000 0 und d</controlfield>
  <datafield tag="040" ind1=" " ind2=" ">
    <subfield code="a">IT-RoPAU</subfield>
  </datafield>
  <datafield tag="040" ind1=" " ind2=" ">
    <subfield code="c">IT-RoPAU</subfield>
  </datafield>
  <datafield tag="999" ind1=" " ind2=" ">
    <subfield code="c">102479</subfield>
    <subfield code="d">102479</subfield>
  </datafield>
  <datafield tag="999" ind1=" " ind2=" ">
    <subfield code="b">n.d.</subfield>
  </datafield>
  <datafield tag="100" ind1=" " ind2=" ">
    <subfield code="a">AA.VV.</subfield>
    <subfield code="9">794</subfield>
  </datafield>
  <datafield tag="100" ind1=" " ind2=" ">
    <subfield code="e">Autore musica</subfield>
    <subfield code="9">13744</subfield>
  </datafield>
  <datafield tag="100" ind1=" " ind2=" ">
    <subfield code="g">Codice autore musica SPICS: 12000</subfield>
    <subfield code="9">796</subfield>
  </datafield>
  <datafield tag="245" ind1=" " ind2=" ">
    <subfield code="a">Count Basie Live 1954</subfield>
  </datafield>
  <datafield tag="250" ind1=" " ind2=" ">
    <subfield code="a">2a ed.</subfield>
  </datafield>
  <datafield tag="260" ind1=" " ind2=" ">
    <subfield code="a">MILANO</subfield>
  </datafield>
  <datafield tag="260" ind1=" " ind2=" ">
    <subfield code="b">MUSICA JAZZ</subfield>
    <subfield code="c">1983 [1a Ed.:1954 - Ed. Lingua Orig.: 1954]</subfield>
  </datafield>
  <datafield tag="300" ind1=" " ind2=" ">
    <subfield code="a">DISCO</subfield>
  </datafield>
  <datafield tag="300" ind1=" " ind2=" ">
    <subfield code="c">47 minuti (Testo:  pag.)</subfield>
  </datafield>
  <datafield tag="500" ind1=" " ind2=" ">
    <subfield code="a">Musica jazz.</subfield>
  </datafield>
  <datafield tag="505" ind1=" " ind2=" ">
    <subfield code="a">Blee Blop Blues [(New York, 1954) (3:00)] - Basie Talks [(New York, 1954) (4:00)] - Two Franks [(New York, 1954) (4:00)] - It Could Happen To You [(New York, 1954) (4:00)] - Ska Di De Dee Do [(New York, 1954) (4:00)] - Slow But Sure [(New York 1954) (5:00)] - Don't Blame me [(New York, 1954) (4:00)] - Bubbles [(New York, 1954) (5:00)] - You For Me [(New York, 1954) (4:00)] - I Feel Like a New Man [(New York, 1954) (3:00)] - Basie Goes Wess [(New York, 1954) (3:00)] - Straight Life [(New York, 1954) (6:00)] - Two For the Blues [(New York, 1954) (4:00)]</subfield>
  </datafield>
  <datafield tag="511" ind1=" " ind2=" ">
    <subfield code="a">Jones Renauld: tr; Jones Thad: tr; Culley Wendell: tr; Newman Joe: tr; Powell Benny: trne; Coker Henry: trne; Hughes Bill: trne; Wilkins Ernie: alto, ten; Royal Marshall: alto, cl; Wess Frank: ten, fl; Foster Frank: ten; Fowlkes Charlie: bar; Jones Eddie: cb; Green Freddie: chit; Basie Count: p; Johnson Gus: batt; Crawford Bixie: voce; Count Basie and his Orchestra; New York, Savoy Ballroom, 1954</subfield>
  </datafield>
  <datafield tag="650" ind1=" " ind2=" ">
    <subfield code="a">JAZZ [DISCHI]</subfield>
    <subfield code="e">Codice MATERIA SPICS: 9950</subfield>
    <subfield code="9">13745</subfield>
  </datafield>
  <datafield tag="700" ind1=" " ind2=" ">
    <subfield code="a">Basie Count</subfield>
    <subfield code="g">Codice interprete SPICS: 10545</subfield>
    <subfield code="e">Interprete</subfield>
    <subfield code="9">13746</subfield>
  </datafield>
  <datafield tag="700" ind1=" " ind2=" ">
    <subfield code="a">Basie Count</subfield>
    <subfield code="g">Codice autore musica SPICS: 10545</subfield>
    <subfield code="e">Autore musica</subfield>
    <subfield code="p">Blee Blop Blues</subfield>
    <subfield code="9">13747</subfield>
  </datafield>
  <datafield tag="700" ind1=" " ind2=" ">
    <subfield code="a">Salim</subfield>
    <subfield code="g">Codice autore SPICS: 27875</subfield>
    <subfield code="e">Autore</subfield>
    <subfield code="p">Blee Blop Blues</subfield>
    <subfield code="9">13748</subfield>
  </datafield>
  <datafield tag="700" ind1=" " ind2=" ">
    <subfield code="a">Hefti Neal</subfield>
    <subfield code="g">Codice autore musica SPICS: 20452</subfield>
    <subfield code="e">Autore musica</subfield>
    <subfield code="p">Two Franks - Ska Di De Dee Do - Bubbles - You For Me - Two For the Blues</subfield>
    <subfield code="9">13749</subfield>
  </datafield>
  <datafield tag="700" ind1=" " ind2=" ">
    <subfield code="a">Albam</subfield>
    <subfield code="g">Codice autore musica SPICS: 27876</subfield>
    <subfield code="e">Autore musica</subfield>
    <subfield code="p">Slow But Sure - I Feel Like a New Man</subfield>
    <subfield code="9">13750</subfield>
  </datafield>
  <datafield tag="700" ind1=" " ind2=" ">
    <subfield code="a">Fields Dorothy</subfield>
    <subfield code="g">Codice autore musica SPICS: 15865</subfield>
    <subfield code="e">Autore musica</subfield>
    <subfield code="p">Don't Blame me</subfield>
    <subfield code="9">13751</subfield>
  </datafield>
  <datafield tag="700" ind1=" " ind2=" ">
    <subfield code="a">McHugh Jimmy</subfield>
    <subfield code="g">Codice autore SPICS: 16297</subfield>
    <subfield code="e">Autore musica</subfield>
    <subfield code="p">Don't Blame me</subfield>
    <subfield code="9">13752</subfield>
  </datafield>
  <datafield tag="700" ind1=" " ind2=" ">
    <subfield code="a">Wess</subfield>
    <subfield code="g">Codice autore musica SPICS: 27877</subfield>
    <subfield code="e">Autore musica</subfield>
    <subfield code="p">Basie Goes Wess</subfield>
    <subfield code="9">13753</subfield>
  </datafield>
  <datafield tag="700" ind1=" " ind2=" ">
    <subfield code="a">Mandel</subfield>
    <subfield code="g">Codice autore musica SPICS: 27878</subfield>
    <subfield code="e">Autore musica</subfield>
    <subfield code="p">Straight Life</subfield>
    <subfield code="9">13754</subfield>
  </datafield>
  <datafield tag="942" ind1=" " ind2=" ">
    <subfield code="c">MD</subfield>
    <subfield code="2">ddc</subfield>
  </datafield>
  <datafield tag="952" ind1=" " ind2=" ">
    <subfield code="0">0</subfield>
    <subfield code="1">0</subfield>
    <subfield code="4">0</subfield>
    <subfield code="6">25692_000000000000000</subfield>
    <subfield code="7">1</subfield>
    <subfield code="a">SPICS</subfield>
    <subfield code="b">SPICS</subfield>
    <subfield code="d">2013-10-25</subfield>
    <subfield code="l">0</subfield>
    <subfield code="o">25692</subfield>
    <subfield code="r">2013-10-25 00:00:00</subfield>
    <subfield code="w">2013-10-25</subfield>
    <subfield code="y">MD</subfield>
    <subfield code="z">Progr. Ins.: 5566 / N.Vol.: 1 / Copie: 1 - Copia rara: n.d. / date import: 01.01.2014 - By Epidotti, Trombetti, Vaglietti</subfield>
  </datafield>
</record>
